1266 1530 1736 1758 1577 1910 1615 1223 1713 1427 1850 1785 1016 1368 1776 1087 1609 1612 1030 1814 2000 1116 1109 1349 1337 1219 1444 1015 1094 1331 1416 1913 1037 1369 1893 1676 1906 1508 1131 1838 1632 1655 1062 1537 1054 1027 1288 1495 1464 1394 1047 1249 1862 1969 1615 1462 1864 1323 1788 1082 1729 1312 1049 1343 1672 1870 1808 1673 1877 1663 1447 1738 1242 1236 1921 1872 1428 1667 1992 1990 1748 1383 1980 1225 1697 1347 1013 1454 1146 1285 1008 1717 1340 1914 1394 1996 1764 1697 1435 BCNSPRNW ULIB Ver.6.0+V

เปลี่ยนเป็นภาษาไทย

Change to English
 แสดงรายละเอียดบรรณานุกรม
  กลับหน้าหลัก

Brief Record : Get Marc (ISO 2709) : E-mail record : QR code < ปิดหน้าต่าง
LEADER : 00000nam 2200000uu 4500
001    13399123083
003     ULIB
008    140115s2551||||th 000 0 tha d
060  4 ^aWY18.2 ส845อ
100    ^aสุรีย์ ธรรมิกบวร.
245    ^aวิชาการรักษาพยาบาลขั้นต้น/สุรีย์ ธรรมิกบวร และคนอื่นๆ.
246    ^aเอกสารประกอบการทบทวนความรู้ วิชาการรักษาพยาบาลขั้นต้น
250    ^aฉบับถ่ายสำเนา
260    ^aเครือข่ายวิทยาลัยสังกัด สบช. ภาคตะวันออกเฉียงเหนือ^c2551
300    ^a64 หน้า.^bฉบับถ่ายสำเนา
650  7 ^aการพยาบาลขั้นต้น
650  7 ^aการรักษาพยาบาลขั้นต้น
945    ^p0^l0^i034323
945    ^p0^l0^i034324
945    ^p0^l0^i034325
945    ^p0^l0^i034326
945    ^p0^l0^i034327
945    ^p0^l0^i034328
945    ^p0^l0^i034329
945    ^p0^l0^i034330
945    ^p0^l0^i034331
945    ^p0^l0^i034332
945    ^p0^l0^i034333
999    ^aเกษร โพธิ์สุวรรณ
รายการนี้ยังไม่มีแท็ก
คุณยังไม่ได้ล็อกอิน คุณสามารถมีกิจกรรมร่วมกับเว็บไซต์ได้ แต่ต้องล็อกอินก่อน ::
  ล็อกอิน

รายการสื่อสารสนเทศ

ลำดับที่ ประเภท เลขเรียก/บาร์โค้ด สถานที่ สถานะ
1. Book การพยาบาล
หนังสือสำรอง
สถานะ=หนังสือสำรอง
WY18.2 ส845อ ฉ.1 
  Barcode: 034323
ห้องสมุดวิทยาเขตสวรรค์ประชารักษ์
►หนังสือทั่วไป
บนชั้น
Note:ฉบับถ่ายสำเนา
2. Book การพยาบาล
Book การพยาบาล
WY18.2 ส845อ ฉ.10 
  Barcode: 034332
ห้องสมุดวิทยาเขตสวรรค์ประชารักษ์
►หนังสือทั่วไป
บนชั้น
Note:ฉบับถ่ายสำเนา
3. Book การพยาบาล
Book การพยาบาล
WY18.2 ส845อ ฉ.11 
  Barcode: 034333
ห้องสมุดวิทยาเขตสวรรค์ประชารักษ์
►หนังสือทั่วไป
บนชั้น
Note:ฉบับถ่ายสำเนา
4. Book การพยาบาล
Book การพยาบาล
WY18.2 ส845อ ฉ.2 
  Barcode: 034324
ห้องสมุดวิทยาเขตสวรรค์ประชารักษ์
►หนังสือทั่วไป
บนชั้น
Note:ฉบับถ่ายสำเนา
5. Book การพยาบาล
Book การพยาบาล
WY18.2 ส845อ ฉ.3 
  Barcode: 034325
ห้องสมุดวิทยาเขตสวรรค์ประชารักษ์
►หนังสือทั่วไป
บนชั้น
Note:ฉบับถ่ายสำเนา
6. Book การพยาบาล
Book การพยาบาล
WY18.2 ส845อ ฉ.4 
  Barcode: 034326
ห้องสมุดวิทยาเขตสวรรค์ประชารักษ์
►หนังสือทั่วไป
บนชั้น
Note:ฉบับถ่ายสำเนา
7. Book การพยาบาล
Book การพยาบาล
WY18.2 ส845อ ฉ.5 
  Barcode: 034327
ห้องสมุดวิทยาเขตสวรรค์ประชารักษ์
►หนังสือทั่วไป
บนชั้น
Note:ฉบับถ่ายสำเนา
8. Book การพยาบาล
Book การพยาบาล
WY18.2 ส845อ ฉ.6 
  Barcode: 034328
ห้องสมุดวิทยาเขตสวรรค์ประชารักษ์
►หนังสือทั่วไป
บนชั้น
Note:ฉบับถ่ายสำเนา
9. Book การพยาบาล
Book การพยาบาล
WY18.2 ส845อ ฉ.7 
  Barcode: 034329
ห้องสมุดวิทยาเขตสวรรค์ประชารักษ์
►หนังสือทั่วไป
บนชั้น
Note:ฉบับถ่ายสำเนา
10. Book การพยาบาล
Book การพยาบาล
WY18.2 ส845อ ฉ.8 
  Barcode: 034330
ห้องสมุดวิทยาเขตสวรรค์ประชารักษ์
►หนังสือทั่วไป
บนชั้น
Note:ฉบับถ่ายสำเนา
11. Book การพยาบาล
Book การพยาบาล
WY18.2 ส845อ ฉ.9 
  Barcode: 034331
ห้องสมุดวิทยาเขตสวรรค์ประชารักษ์
►หนังสือทั่วไป
บนชั้น
Note:ฉบับถ่ายสำเนา

รายการใกล้เคียง
    ผู้แต่ง [สุรีย์ ธรรมิกบวร.]

    หัวเรื่อง [การรักษาพยาบาลขั้นต้น]

BibComment


ยังไม่เคยถูกคอมเมนท์

คอมเมนท์ทรัพยากรรายการนี้
  คอมเมนท์: วิชาการรักษาพยาบ..


 Copyright 2026. Bcnsprnw @Library